British Prime Ministers by Fictional Portrayal Quiz Stats

 Plays Quiz Updated May 6, 2015

Challenge
Share
Tweet
Score 0/10 Timer 06:00
3 Plays Today
% Correct
Winston Churchill
97.8%
Margaret Thatcher
97.3%
Tony Blair
92.8%
Gordon Brown
62.8%
Benjamin Disraeli
50.3%
William Pitt the Younger
44.3%
Arthur Wellesley, 1st Duke of Wellington
35.2%
Stanley Baldwin
30.7%
Clement Attlee
29.5%
Ramsay MacDonald
21%

You're not logged in!

Compare scores with friends on all Sporcle quizzes.
OR
Log In

You Might Also Like...

Show Comments

Extras

Top Quizzes Today


Score Distribution

Your Account Isn't Verified!

In order to create a playlist on Sporcle, you need to verify the email address you used during registration. Go to your Sporcle Settings to finish the process.

Report this User

Report this user for behavior that violates our Community Guidelines.

Details: